Plantas para acuarios /

Guardado en:
Autor Principal: Selecciones El Campo
Formato: Libro
Publicado: Buenos Aires : Suelo argentino, 1952
Materias:
Etiquetas: Agregar Etiqueta
Sin Etiquetas, Sea el primero en etiquetar este registro!
LEADER 00607nam a22001935a 4500
001 CEM.cems016137
005 20091210150747.0
008 130507s1952##################000#0#####d
003 CEMS
082 0 4 |a 581.92 
100 1 |a Selecciones El Campo 
245 1 0 |a Plantas para acuarios /  |c Selecciones El Campo, 
260 |a Buenos Aires :  |b Suelo argentino,  |c 1952 
300 |a 77 p. 
653 |a Acuarios 
653 |a Botanica 
653 |a Plantas para acuarios 
859 |a CEMS  |b BIB. CEMS - Agricultura  |h 581.92  |i Se1  |p A10923.82  |t Ej.2  |v 18  |3 18 
859 |a CEMS  |b BIB. CEMS - Agricultura  |h 581.92  |i Se1  |p A7133.79  |t Ej.1  |v 18  |3 18